A primer on the conduct of research / (Record no. 84)
[ view plain ]
| 000 -LEADER | |
|---|---|
| fixed length control field | 00998nam a22002657a 4500 |
| 005 - DATE AND TIME OF LATEST TRANSACTION | |
| control field | 20221026030326.0 |
| 008 - FIXED-LENGTH DATA ELEMENTS--GENERAL INFORMATION | |
| fixed length control field | 221026b |||||||| |||| 00| 0 eng d |
| 020 ## - INTERNATIONAL STANDARD BOOK NUMBER | |
| International Standard Book Number | 978-971-9676-69-0 |
| 082 ## - DEWEY DECIMAL CLASSIFICATION NUMBER | |
| Classification number | Fil. 001.4 P953 2016 |
| 100 ## - MAIN ENTRY--PERSONAL NAME | |
| Personal name | Rocina, Jose Aime R. |
| Relator term | author |
| 245 ## - TITLE STATEMENT | |
| Title | A primer on the conduct of research / |
| Statement of responsibility, etc. | Jose Aime R. Rocina, Avelina M. Aquino, Carl O. Dellomos, Amelita B. Victoria, Catleya C. Yee, Helen F. Dupale, Vicky P. Vilal, Dynah D. Soriano; Bernadeth B. Enriquez, consultant |
| 260 ## - PUBLICATION, DISTRIBUTION, ETC. | |
| Place of publication, distribution, etc. | Malabon City: |
| Name of publisher, distributor, etc. | Jimczyville Publication, |
| Date of publication, distribution, etc. | c2016. |
| 300 ## - PHYSICAL DESCRIPTION | |
| Extent | iv, 184p. |
| 490 ## - SERIES STATEMENT | |
| Series statement | OBE compliant |
| 541 ## - IMMEDIATE SOURCE OF ACQUISITION NOTE | |
| Accession number | 5411 |
| 650 ## - SUBJECT ADDED ENTRY--TOPICAL TERM | |
| Topical term or geographic name entry element | Research |
| 700 ## - ADDED ENTRY--PERSONAL NAME | |
| Personal name | Aquino, Avelina M. |
| Relator term | author |
| 700 ## - ADDED ENTRY--PERSONAL NAME | |
| Personal name | Dellomos, Carl O. |
| Relator term | author |
| 700 ## - ADDED ENTRY--PERSONAL NAME | |
| Personal name | Victoria, Amelita B. |
| Relator term | author |
| 700 ## - ADDED ENTRY--PERSONAL NAME | |
| Personal name | Yee, Catleya C. |
| Relator term | author |
| 700 ## - ADDED ENTRY--PERSONAL NAME | |
| Personal name | Dupale. Helen F. |
| Relator term | author |
| 700 ## - ADDED ENTRY--PERSONAL NAME | |
| Personal name | Vilal, Vicky P. |
| Relator term | author |
| 700 ## - ADDED ENTRY--PERSONAL NAME | |
| Personal name | Soriano, Dynah D. |
| Relator term | author |
| 700 ## - ADDED ENTRY--PERSONAL NAME | |
| Personal name | Enriquez, Bernadette B. |
| Relator term | consultant |
| Withdrawn status | Lost status | Source of classification or shelving scheme | Damaged status | Not for loan | Home library | Current library | Date acquired | Total Checkouts | Full call number | Barcode | Date last seen | Copy number | Price effective from | Koha item type |
|---|---|---|---|---|---|---|---|---|---|---|---|---|---|---|
| Dewey Decimal Classification | ctu-moalboal | ctu-moalboal | 10/15/2018 | Fil. 001.4 P953 2016 | 5411 | 10/26/2022 | 1 | 10/26/2022 | Books-Filipiniana |